Una joven a la antigua /

محفوظ في:
التفاصيل البيبلوغرافية
المؤلف الرئيسي: Alcott, Louisa May (autor)
مؤلفون آخرون: Gertner, María Elena (versión) (versión)
التنسيق: كتاب
اللغة:الإسبانية
منشور في: Santiago, Chile : Andrés Bello, 2005, c1993
الطبعة:7a edición
سلاسل:(Viento Joven)
الموضوعات:
الوسوم: إضافة وسم
لا توجد وسوم, كن أول من يضع وسما على هذه التسجيلة!

MARC

LEADER 00000nam^a2200000^a^4500
001 000185322
005 20250521000000.0
009 20260310102147.936
020 |a 956-12-1372-9 
037 |a Acervo ITESO - Biblioteca 
041 |a ESP 
082 |a 808. 899282  |b ALC 
100 |a Alcott, Louisa May  |e (autor) 
245 1 4 |a Una joven a la antigua /  |c L.M. Alcott ; versión abreviada de M.E. Gertner. 
250 |a 7a edición 
264 4 |a Santiago, Chile :  |b Andrés Bello,  |c 2005, c1993 
300 |a 127 p. 
336 |a texto  |b txt  |2 rdacontenido 
337 |a sin mediación  |b n  |2 rdamedio 
338 |a volumen  |b nc  |2 rdasoporte 
440 1 |a (Viento Joven) 
500 |a Traducción de: An Old Fashioned Girl 
545 0 |a Nacida en Germantown, Pennsylvania en 1832 y radicada gran parte de su vida en Boston, la escritora norteamericana Louise May Alcott publicó en 1855 su primera obra, el libro de relatos Flower Fables, a la que siguieron poemas y cuentos que aparecieron a partir de 1860 en la revista Atlantic Monthly. Sin embargo, su celebridad surgió a raíz de la petición de un editor para que escribiera un libro para niñas: la novela semiautobiográfica Mujercitas (1868-1869), clásico de la literatura infantil y juvenil, situado en el contexto geográfico e histórico de la Nueva Inglaterra de los años de la Guerra de Secesión y centrado en el retrato de las cuatro hermanas de la familia March, una de ellas –Jo o Josephine- con ambiciones literarias y dueña de una rebelde personalidad adelantada a su época. Inició así una exitosa saga, que Alcott prosiguió con Hombrecitos (1871) y culminó con Hombrecitos de Jo (1886). Una joven a la antigua (1870), el binomio de Ocho primos (1875) y Rosa en flor (1876) y Bajo las lilas (1877) se cuentan entre otras obras de Alcott, abolicionista y sufragista que fue la primera mujer en registrarse para votar en Concord, Massachusetts y quien falleció en Boston en 1888. Mujercitas ha sido objeto de numerosas adaptaciones para cine y televisión, entre las que pueden citarse las películas dirigidas por el norteamericano George Cukor (1899-1983) en 1933 y la australiana Gillian Armstrong en 1994. 
649 |a XX 
650 |a Novela Norteamericana 
650 |a Literatura Juvenil -  |z EUA 
650 |a Literatura de Mujeres -  |z EUA 
650 |a Literatura Norteamericana -  |y Siglo XIX 
700 |a Gertner, María Elena  |e (versión) 
910 |a Fondo General 
920 |a Impresos - Libros 
930 |a Colección General 
940 |a Literatura 
905 |a 101 
901 |a 0500126762  |b IT1  |c LIT  |u 20250521 
902 |a https://opac.biblio.iteso.mx/vufind/Record/000185322